Zig-Zag Word Chain - Food - Statistics

General Stats
  • This quiz has been taken 62 times
  • The average score is 40 of 48
Answer Stats
Hint Word #1 Word #2 % Correct
Tabasco or Sriracha Sauce Hot
94%
Classic bisque frequently paired with a grilled cheese sandwich Soup Tomato
94%
Ciabatta or Focaccia Bread Italian
92%
Chesapeake Bay seafood delicacy - often served in a sandwich Cake Crab
92%
Frequent birthday confection made with cocoa powder, flour, milk, eggs, oil, and butter. Chocolate Cake
92%
SPAM is the most well known example Meat Canned
92%
Available in Pomace, Lampante, Refined, Virgin, and Extra Virgin grades Oil Olive
92%
Foundational component of Italian cuisine Tomato Sauce
92%
Used to carry your noontime meal to school. Box Lunch
91%
I scream, you scream, we all scream for ___ _____ Cream Ice
91%
Joey Chestnut ate a record 76 of these on July 4, 2021 in Coney Island, NY Hot Dog
91%
Pre-electric refrigerator Ice Box
91%
Creation of a sommelier List Wine
91%
Overarching term for sliced turkey or ham used on sandwiches. Lunch Meat
91%
Namesake ingredient of the most popular homemade cookie in the world Chips Chocolate
89%
Also known as yams Potato Sweet
89%
Russian, French, Ranch, Thousand Island, Balsamic Vinaigrette, etc. Dressing Salad
87%
Home of the "Never-Ending Pasta Bowl" Olive Garden
87%
Healthy self-serve meal option found in Whole Foods and Ruby Tuesday Salad Bar
87%
Aldi, Tesco, Carrefour, Kroger, etc. Store Grocery
87%
Caffeinated, non-carbonated drink stereotypically popular in the American South. Sweet Tea
87%
The most popular are Chardonnay, Cabernet Sauvignon, Merlot, Pinot Noir, and Syrah. Wine Grapes
87%
Common side dish for a steak dinner, often topped with sour cream, and chives Baked Potato
85%
Hershey's, Nestle Crunch, Snickers, etc. Bar Candy
85%
Shop where you might buy one of the above treats. Candy Store
85%
The above placed on a stick, battered, and deep fried. Dog Corn
85%
La baguette French Bread
85%
Where Mr. McGregor battled Peter Cottontail Garden Vegetable
85%
Skippy and Jif make creamy and chunky varieties Butter Peanut
83%
Pantry staples containing various preserved fruits and vegetables Canned Goods
83%
Fritos Corn Chips
83%
What Chick-fil-A fries their chicken in Peanut Oil
83%
As American as baseball and _____ ___ Pie Apple
83%
Drink made from the leaves of the Camellia sinensis Tea Green
83%
Helps to ensure you don't forget to buy milk, bread, meat, cheese,, etc. Grocery List
81%
Bread, cookies, cakes, pies, etc. Goods Baked
79%
Emulsion of olive oil and vinegar with dried oregano, basil, garlic and onion Italian Dressing
79%
Sweet spread made by slow-cooking a specific tree fruit Apple Butter
77%
Cholesterol-laden spread made from cream cheese, mayonnaise, Old Bay, and lump meat Crab Dip
77%
Traditional American Thanksgiving dessert Pumpkin Pie
77%
Fermented dairy product often served as a topping on Mexican dishes Sour Cream
75%
The French serve this vegetable almondine, Americans serve it in a casserole with cream of mushroom soup and fried onions. Green Beans
72%
Multicolored candy confection often found in Easter baskets Beans Jelly
70%
American Rapper/Singer known for his face tattoos and for his hit "Son of a Sinner" Jelly Roll
70%
In an Aesop's fable, a fox declared that the unobtainable fruit were actually ____ ______ Grapes Sour
62%
Spiced cake pinwheeled with cream cheese filling Roll Pumpkin
62%
Minestrone Vegetable Soup
60%
American roast beef sandwich served "au jus" Dip French
55%
No matching quizzes found
Score Distribution
Percent of People with Each Score
Percentile by Number Answered
Your Score History
You have not taken this quiz